| 000 | 00349nam a22001457a 4500 | ||
|---|---|---|---|
| 008 | 210520b ||||| |||| 00| 0 eng d | ||
| 020 | _a0060908548 | ||
| 041 | _aeng | ||
| 080 | _a2 | ||
| 082 | _a2 | ||
| 100 | _a24 | ||
| 101 | _aFE | ||
| 245 |
_aInanna Queen of Heaven and Earth her Stories and Hymns from Sumer _cWolkstein,D |
||
| 942 |
_2udc _cBK |
||
| 999 |
_c57545 _d57545 |
||